000
00209 a2200109 4500
020
_a
9789992467329
041
_a
spa
100
_a
Milagros Teran
245
_a
Poemas de una Nià¨
942
_c
BK
952
_7
1
999
_c
24967
_d
24967